MARC details
| 000 -LEADER |
| fixed length control field |
01618nam a2200553 a 4500 |
| 001 - CONTROL NUMBER |
| control field |
22786 |
| 003 - CONTROL NUMBER IDENTIFIER |
| control field |
SK-KTurca |
| 005 - DATE AND TIME OF LATEST TRANSACTION |
| control field |
20260423132242.0 |
| 008 - FIXED-LENGTH DATA ELEMENTS--GENERAL INFORMATION |
| fixed length control field |
110225s2010 xo hofcg n 001 0cslo d |
| 020 ## - INTERNATIONAL STANDARD BOOK NUMBER |
| International Standard Book Number |
9788081013799 (viaz.) |
| 035 ## - SYSTEM CONTROL NUMBER |
| System control number |
(VRT)vtls010200585 |
| 040 ## - CATALOGING SOURCE |
| Original cataloging agency |
TOTK |
| Language of cataloging |
slo |
| Transcribing agency |
UKB |
| Description conventions |
AACR2 |
| 041 1# - LANGUAGE CODE |
| Language code of text/sound track or separate title |
slo |
| Language code of original |
eng |
| 044 ## - COUNTRY OF PUBLISHING/PRODUCING ENTITY CODE |
| MARC country code |
xo |
| ISO country code |
SK |
| 072 #7 - SUBJECT CATEGORY CODE |
| Subject category code |
929 |
| Subject category code subdivision |
Biografie |
| Source |
konspekt |
| 080 ## - UNIVERSAL DECIMAL CLASSIFICATION NUMBER |
| Universal Decimal Classification number |
929 |
| Edition identifier |
2004 |
| 080 ## - UNIVERSAL DECIMAL CLASSIFICATION NUMBER |
| Universal Decimal Classification number |
32-051 |
| Edition identifier |
2004 |
| 080 ## - UNIVERSAL DECIMAL CLASSIFICATION NUMBER |
| Universal Decimal Classification number |
314.743:32 |
| Edition identifier |
2004 |
| 080 ## - UNIVERSAL DECIMAL CLASSIFICATION NUMBER |
| Universal Decimal Classification number |
(=162.4) |
| Edition identifier |
2004 |
| 080 ## - UNIVERSAL DECIMAL CLASSIFICATION NUMBER |
| Universal Decimal Classification number |
(73) |
| Edition identifier |
2004 |
| 080 ## - UNIVERSAL DECIMAL CLASSIFICATION NUMBER |
| Universal Decimal Classification number |
(437) |
| Edition identifier |
2004 |
| 080 ## - UNIVERSAL DECIMAL CLASSIFICATION NUMBER |
| Universal Decimal Classification number |
(437.6) |
| Edition identifier |
2004 |
| 080 ## - UNIVERSAL DECIMAL CLASSIFICATION NUMBER |
| Universal Decimal Classification number |
(092) |
| Edition identifier |
2004 |
| 080 ## - UNIVERSAL DECIMAL CLASSIFICATION NUMBER |
| Universal Decimal Classification number |
323 |
| Edition identifier |
2004 |
| 100 1# - MAIN ENTRY--PERSONAL NAME |
| Personal name |
Palka, John, |
| Dates associated with a name |
1939- |
| 245 10 - TITLE STATEMENT |
| Title |
Moje Slovensko, moja rodina |
| Statement of responsibility, etc. |
John Palka ; [z anglického originálu preložila Michaela Chorváthová] |
| 250 ## - EDITION STATEMENT |
| Edition statement |
1. vyd. |
| 260 ## - PUBLICATION, DISTRIBUTION, ETC. |
| Place of publication, distribution, etc. |
Bratislava |
| Name of publisher, distributor, etc. |
Kalligram |
| Date of publication, distribution, etc. |
2010 |
| 300 ## - PHYSICAL DESCRIPTION |
| Extent |
367 s., [63] s. obr. príl. |
| Other physical details |
il., portr., faksim. |
| 504 ## - BIBLIOGRAPHY, ETC. NOTE |
| Bibliography, etc. note |
Bibliogr. skrytá. Reg. |
| 600 17 - SUBJECT ADDED ENTRY--PERSONAL NAME |
| Personal name |
Hodža, Milan, |
| Dates associated with a name |
1878-1944 |
| Source of heading or term |
UKBPH |
| 650 07 - SUBJECT ADDED ENTRY--TOPICAL TERM |
| Topical term or geographic name entry element |
politici |
| Geographic subdivision |
Slovensko |
| Chronological subdivision |
20. stor. |
| Source of heading or term |
UKBPH |
| 650 07 - SUBJECT ADDED ENTRY--TOPICAL TERM |
| Topical term or geographic name entry element |
Slováci |
| Geographic subdivision |
USA |
| Chronological subdivision |
20. stor. |
| Source of heading or term |
UKBPH |
| 650 07 - SUBJECT ADDED ENTRY--TOPICAL TERM |
| Topical term or geographic name entry element |
politická emigrácia |
| Geographic subdivision |
Československo |
| Chronological subdivision |
1948- |
| Source of heading or term |
UKBPH |
| 651 #7 - SUBJECT ADDED ENTRY--GEOGRAPHIC NAME |
| Geographic name |
Slovensko |
| General subdivision |
spoločnosť a politika |
| Chronological subdivision |
20. stor. |
| Source of heading or term |
UKBPH |
| 653 ## - INDEX TERM--UNCONTROLLED |
| Uncontrolled term |
929 |
| 653 ## - INDEX TERM--UNCONTROLLED |
| Uncontrolled term |
32-051 |
| 653 ## - INDEX TERM--UNCONTROLLED |
| Uncontrolled term |
323 |
| 653 ## - INDEX TERM--UNCONTROLLED |
| Uncontrolled term |
314.743:32 |
| 653 ## - INDEX TERM--UNCONTROLLED |
| Uncontrolled term |
(=162.4) |
| 653 ## - INDEX TERM--UNCONTROLLED |
| Uncontrolled term |
(73) |
| 653 ## - INDEX TERM--UNCONTROLLED |
| Uncontrolled term |
(437) |
| 653 ## - INDEX TERM--UNCONTROLLED |
| Uncontrolled term |
(437.6) |
| 653 ## - INDEX TERM--UNCONTROLLED |
| Uncontrolled term |
(092) |
| 655 #7 - INDEX TERM--GENRE/FORM |
| Genre/form data or focus term |
biografie |
| Source of term |
UKBPH |
| 700 1# - ADDED ENTRY--PERSONAL NAME |
| Personal name |
Chorváthová, Michaela |
| Relationship |
trl |
| 942 ## - ADDED ENTRY ELEMENTS (KOHA) |
| Source of classification or shelving scheme |
Dewey Decimal Classification |
| Koha item type |
Odborná literatúra pre dospelých |
| Suppress in OPAC |
No |